| 000 | 01978nam a2200421 c 4500 | ||
|---|---|---|---|
| 003 | BLK | ||
| 005 | 20250118152422.0 | ||
| 008 | 180413b bul|||||r ||||||| ||bul|| | ||
| 010 | _aKNG00020707000 | ||
| 020 |
_a978-954-426-866-4 _bиздат.: Анубис |
||
| 040 | _aBLK | ||
| 041 |
_aBUL _cBUL |
||
| 072 | 7 |
_2bullib _aН372 _xУчебни предмети. Учебници Н |
|
| 080 |
_aИстория на България в основното училище _b372.894.972 _x(079)(075.2) _z372.894.972(079)(075.2) |
||
| 700 | 1 |
_aКаснакова, Цонка _gКаснакова-Иванова, Цонка Илиева _977457 |
|
| 100 | 1 |
_aКаснакова-Иванова, Цонка Илиева _eпърви автор _9364483 |
|
| 700 | 1 |
_aВасилев, Асен Василев _eсъавт. _9263026 |
|
| 139 |
_aКаснакова-Иванова, Цонка Илиева и др. _bК 45 |
||
| 245 | 1 | 0 |
_aИстория и цивилизация V клас _bЗадачи и тестове : Външно оценяване _c Цонка Каснакова; Цонка Илиева Каснакова-Иванова; съавт. Асен Василев Василев. |
| 257 | _aBGR | ||
| 260 |
_аСофия _bАнубис _c2010 _fСофия : Вулкан |
||
| 300 |
_a72 с. _bс табл., к. _c24 см |
||
| 380 | _a3 | ||
| 650 | 7 |
_aБългария - история - учебници за основни училища _2 _9149566 |
|
| 651 | 4 |
_aБългария _9241624 |
|
| 653 | _aбългарска история | ||
| 653 | _aV кл. | ||
| 653 | _aтестове | ||
| 653 | _aучебни помагала | ||
| 653 | _aучебници за основни училища | ||
| 659 | _aН | ||
| 852 | _aЦб 251331 | ||
| 856 | 4 |
_qpdf _u |
|
| 856 | 4 |
_qpdf _u |
|
| 942 |
_cKNG _n0 |
||
| 944 |
_aCR _c24.03.2011 _lГеновева Генчева _k30560 |
||
| 944 |
_aED _c16.05.2017 _lф / _kВиолета_Тройчева |
||
| 999 |
_c18640 _d18640 |
||